Sports Quiz

Random Sports or NFL Quiz

NFL Team Quarterback Nemeses Quiz Stats

 Plays Quiz Updated Jan 21, 2018

Support Sporcle.
Go Orange.
Score 0/97 Timer 12:00
1 Play Today
Year Player % Correct
vs. BillsTom Brady
96.7%
vs. ColtsTom Brady
96.7%
vs. DolphinsTom Brady
96.7%
vs. SteelersTom Brady
96.7%
vs. JetsTom Brady
96.7%
vs. BillsPeyton Manning
94%
vs. JaguarsPeyton Manning
94%
vs. TexansPeyton Manning
94%
vs. Titans/OilersPeyton Manning
94%
vs. ChargersPeyton Manning
94%
vs. ChiefsPeyton Manning
94%
vs. RaidersPeyton Manning
94%
vs. RavensPeyton Manning
94%
vs. JetsPeyton Manning
94%
vs. BearsAaron Rodgers
84.9%
vs. LionsAaron Rodgers
84.9%
vs. FalconsJoe Montana
83.1%
vs. SaintsJoe Montana
83.1%
vs. BengalsBen Roethlisberger
82.9%
vs. BrownsBen Roethlisberger
82.9%
vs. LionsBrett Favre
82.8%
vs. RamsBrett Favre
82.8%
vs. RaidersDrew Brees
79.8%
vs. FalconsSteve Young
76.6%
vs. LionsSteve Young
76.6%
vs. SaintsSteve Young
76.6%
vs. RamsSteve Young
76.6%
vs. ColtsDan Marino
76.5%
vs. PatriotsJohn Elway
74%
vs. 49ersRussell Wilson
74%
vs. SeahawksJohn Elway
74%
vs. ChargersJohn Elway
74%
vs. BrownsJoe Flacco
71%
Year Player % Correct
vs. CardinalsTroy Aikman
70.6%
vs. RaidersPhilip Rivers
70.2%
vs. 49ersKurt Warner
66.4%
vs. RaidersAlex Smith
65.5%
vs. RamsAlex Smith
65.5%
vs. ChargersAlex Smith
65.5%
vs. BrownsTerry Bradshaw
63.1%
vs. Titans/OilersTerry Bradshaw
63.1%
vs. ChiefsTerry Bradshaw
63.1%
vs. RavensCarson Palmer
60.2%
vs. BrownsCarson Palmer
60.2%
vs. BrownsAndy Dalton
59.7%
vs. BuccaneersCam Newton
58.9%
vs. JetsJim Kelly
57.5%
vs. ColtsJim Kelly
57.5%
vs. EaglesRoger Staubach
57%
vs. GiantsRoger Staubach
57%
vs. CardinalsRoger Staubach
57%
vs. RedskinsPhil Simms
53.7%
vs. ColtsDrew Bledsoe
52.9%
vs. BearsFran Tarkenton
49.5%
vs. LionsFran Tarkenton
49.5%
vs. PackersFran Tarkenton
49.5%
vs. CowboysRandall Cunningham
47.9%
vs. CardinalsRandall Cunningham
47.9%
vs. PatriotsJoe Namath
44.3%
vs. SteelersSteve McNair
43.5%
vs. BrownsBoomer Esiason
43.3%
vs. 49ersMatt Hasselbeck
43%
vs. PackersJim McMahon
42.2%
vs. BroncosKen Stabler
41.7%
vs. ChargersKen Stabler
41.7%
vs. LionsBrad Johnson
39.4%
Year Player % Correct
vs. BillsBob Griese
38.9%
vs. JetsBob Griese
38.9%
vs. CardinalsJoe Theismann
38.3%
vs. SaintsJake Delhomme
32.1%
vs. BuccaneersJake Delhomme
32.1%
vs. SteelersBernie Kosar
31.8%
vs. RaidersTrent Green
31.1%
vs. ChargersJim Plunkett
30.7%
vs. ChargersJake Plummer
30.1%
vs. RaidersJake Plummer
30.1%
vs. EaglesDanny White
29.7%
vs. GiantsDanny White
29.7%
vs. CardinalsDanny White
29.7%
vs. CowboysKerry Collins
27.4%
vs. BrownsMark Brunell
22.7%
vs. ChargersDave Krieg
22.7%
vs. BengalsNeil O'Donnell
21.4%
vs. JetsJeff George
16.6%
vs. BuccaneersTommy Kramer
15.9%
vs. LionsTommy Kramer
15.9%
vs. EaglesJim Hart
14.4%
vs. ChiefsCraig Morton
14%
vs. SaintsSteve Bartkowski
13.4%
vs. SeahawksStan Humphries
10.9%
vs. GiantsBilly Kilmer
10.6%
vs. CardinalsBilly Kilmer
10.6%
vs. VikingsLynn Dickey
10.4%
vs. FalconsBobby Hebert
10.2%
vs. RamsBobby Hebert
10.2%
vs. BroncosJay Schroeder
8%
vs. Titans/OilersMike Phipps
2.3%

You're not logged in!

Compare scores with friends on all Sporcle quizzes.
OR
Log In

From the Vault

NY Yankees Managers

by Ben

It's an honor to wear the pinstripes as Yankees manager once, twice, or perhaps even five times.
Remove Ads.
Support Sporcle.
Get the best of Sporcle when you Go Orange. This ad-free experience offers more features, more stats, and more fun while also helping to support Sporcle. Thank you for becoming a member.

Show Comments

Extras

Top Quizzes Today


Score Distribution

Your Account Isn't Verified!

In order to create a playlist on Sporcle, you need to verify the email address you used during registration. Go to your Sporcle Settings to finish the process.

Report this User

Report this user for behavior that violates our Community Guidelines.

Details: